The process of management (Record no. 77218)

MARC details
000 -LEADER
fixed length control field 00901nam a2200229 a 4500
008 - FIXED-LENGTH DATA ELEMENTS--GENERAL INFORMATION
fixed length control field 080109s1977 ||||||||||||||||| || u
020 ## - INTERNATIONAL STANDARD BOOK NUMBER
International Standard Book Number 0137234295
050 ## - LIBRARY OF CONGRESS CALL NUMBER
Classification number HD 31 New
100 ## - MAIN ENTRY--PERSONAL NAME
Personal name Newman, William Herman, 1909-
245 14 - TITLE STATEMENT
Title The process of management
246 ## -
-- concepts, behaviour, and practice
250 ## - EDITION STATEMENT
Edition statement 4th ed.
260 ## - PUBLICATION, DISTRIBUTION, ETC.
Place of publication, distribution, etc. Englewood Cliffs,N.J.
Name of publisher, distributor, etc. FT Prentice-Hall
Date of publication, distribution, etc. 1977
300 ## - PHYSICAL DESCRIPTION
Extent xv, 670p. : ill.
350 ## -
-- 0.00
500 ## - GENERAL NOTE
General note Includes bibliographies and index.
650 #0 - SUBJECT ADDED ENTRY--TOPICAL TERM
Topical term or geographic name entry element MANAGEMENT
650 #0 - SUBJECT ADDED ENTRY--TOPICAL TERM
Topical term or geographic name entry element INDUSTRIAL MANAGEMENT
700 ## - ADDED ENTRY--PERSONAL NAME
Personal name Warren, E. Kirby
995 ## -
-- MAIN LIBRARY OPEN ACCESS
-- 0.00
-- 724295
-- CBU-MAIN LIBRARY (Kitwe)
-- 2
-- 13.90
-- HD 31 New
-- 1
-- AVAILABLE
-- 003368
-- Main Library Open Access Collection
995 ## -
-- BINDERY (DAMAGED)
-- 0.00
-- 729304
-- CBU-MAIN LIBRARY (Kitwe)
-- 1
-- 13.90
-- HD 31 New
-- 2
-- DAMAGED
-- 021278
-- Main Library Open Access Collection
999 ## -
-- 77218
-- 77218
Holdings
Withdrawn status Lost status Source of classification or shelving scheme Damaged status Not for loan Permanent Location Current Location Shelving location Date acquired Total Checkouts Full call number Barcode Date last seen Copy number Price effective from Koha item type
          CBU-MAIN LIBRARY, KITWE. CBU-MAIN LIBRARY, KITWE.   04/25/2023   HD 31 New 003368 04/25/2023 1 04/25/2023 MONOGRAPH
          CBU-MAIN LIBRARY, KITWE. CBU-MAIN LIBRARY, KITWE.   04/25/2023   HD 31 New 021278 04/25/2023 2 04/25/2023 MONOGRAPH